| 000 | 00572nam a22001817a 4500 | ||
|---|---|---|---|
| 005 | 20231005132959.0 | ||
| 020 |
_a9789390389728 _c495.00 |
||
| 082 |
_a000 _2First |
||
| 100 |
_aGoyal, R.K. _957687 |
||
| 245 |
_aObjective General English: _bFor All Competitive Examinations/ _cby R.K. Goyal |
||
| 250 | _aFirst | ||
| 260 |
_aDelhi _bPrabhat Paperbacks _c2022 |
||
| 270 |
_a4/19 Asaf Ali Road _bNew Delhi _e110002 |
||
| 300 |
_aiii, vp. _b23cm(pbk) |
||
| 700 | _957678 | ||
| 942 |
_2ddc _cEN _h000 _mGOY |
||
| 999 |
_c198698 _d198698 |
||